| 000 | 00594nam a2200229Ia 4500 | ||
|---|---|---|---|
| 005 | 20250425161012.0 | ||
| 008 | 250425s9999 xx 000 0 und d | ||
| 020 | _a091558672X | ||
| 041 | _aeng | ||
| 082 | _a693.832 | ||
| 110 | _aU.S. DEPARTMENT OF ENERGY | ||
| 245 | 0 | _aECONOMIC THICKNESS FOR INDUSTRIAL INSULATION | |
| 250 | _aS.E. | ||
| 260 | _aATLANTA | ||
| 260 |
_aEstados Unidos _bFAIRMONT PRESS _c1983 |
||
| 300 | _a191 | ||
| 650 | _aAISLAMIENTO TERMICO | ||
| 650 | _aASPECTOS ECONOMICOS | ||
| 650 | _aINDUSTRIA-CONSERVACION DE ENERGIA | ||
| 942 | _c01 | ||
| 010 | _a10321 | ||
| 999 |
_c200438 _d200438 |
||